| 000 | 00766nam a2200265 i 4500 | ||
|---|---|---|---|
| 001 | 000006100 | ||
| 003 | DO-SdBNP | ||
| 005 | 20250429085746.0 | ||
| 007 | ta | ||
| 008 | 250429s2017 dr 000 0 spa d | ||
| 040 |
_aDO-SdBNP _bspa _cBNPHU _erda |
||
| 041 | _hspa | ||
| 082 |
_axxx _bR426r _222 |
||
| 110 | _9447 | ||
| 245 | 1 | 0 |
_aReglamento del senado de la República Dominicana : _bproclamado 12 de agosto del año 2010 |
| 264 |
_aSanto Domingo : _bSenado de la República Dominicana, _c2017 |
||
| 300 |
_a153 páginas. ; _c23 cm. |
||
| 336 |
_ardacontent _btexto _2txt |
||
| 337 |
_ardamedia _bsin mediación _2n |
||
| 338 |
_ardacarrier _bvolumen _2nc |
||
| 490 |
_aEducativa ; _v2 |
||
| 590 | _aInventariado,2025/DG | ||
| 910 | _aDG | ||
| 942 |
_2ddc _cLBS1 |
||
| 999 |
_c58841 _d58841 |
||